Concise reference to : The Japanese economy and industry
Đã lưu trong:
| Format: | Bog |
|---|---|
| Sprog: | Undetermined |
| Udgivet: |
Tokyo
JETRO
1987
|
| Fag: | |
| Tags: |
Tilføj Tag
Ingen Tags, Vær først til at tagge denne postø!
|
| Thư viện lưu trữ: | Trung tâm Học liệu Trường Đại học Cần Thơ |
|---|
| LEADER | 00435nam a2200169Ia 4500 | ||
|---|---|---|---|
| 001 | CTU_79836 | ||
| 008 | 210402s9999 xx 000 0 und d | ||
| 082 | |a 330 | ||
| 082 | |b C743 | ||
| 245 | 0 | |a Concise reference to : | |
| 245 | 4 | |b The Japanese economy and industry | |
| 260 | |a Tokyo | ||
| 260 | |b JETRO | ||
| 260 | |c 1987 | ||
| 650 | |a Economics | ||
| 904 | |i Trọng Hải | ||
| 980 | |a Trung tâm Học liệu Trường Đại học Cần Thơ | ||